Charles Ier (Record no. 175902)

MARC details
000 -LEADER
campo de control de longitud fija 00754nam a2200229 i 4500
001 - NÚMERO DE CONTROL
campo de control 175902
003 - IDENTIFICADOR DE NÚMERO DE CONTROL
campo de control ES-MaACL
005 - FECHA Y HORA DE LA ÚLTIMA TRANSACCIÓN
campo de control 20250805054625.0
007 - CAMPO FIJO DE DESCRIPCIÓN FÍSICA--INFORMACIÓN GENERAL
campo de control de longitud fija t|
008 - DATOS DE LONGITUD FIJA--INFORMACIÓN GENERAL
campo de control de longitud fija 101130s1931 fr f ||||1| fre d
080 ## - NÚMERO DE LA CLASIFICACIÓN DECIMAL UNIVERSAL
Número de la Clasificación Decimal Universal 929 Carlos (436) I
100 1# - ENTRADA PRINCIPAL--NOMBRE DE PERSONA
Nombre de persona Troud, Jérome.
9 (RLIN) 111520
245 10 - MENCIÓN DEL TÍTULO
Título Charles Ier
Resto del título : empereur d'Autriche : roi de Hongrie : avec 8 gravures hors texte /
Mención de responsabilidad, etc. Jérome Troud.
250 ## - MENCION DE EDICION
Mención de edición 3e éd.
260 ## - PUBLICACIÓN, DISTRIBUCIÓN, ETC.
Lugar de publicación, distribución, etc. Paris :
Nombre del editor, distribuidor, etc. Plon,
Fecha de publicación, distribución, etc. cop. 1931.
300 ## - DESCRIPCIÓN FÍSICA
Extensión VIII, 244 p. , [1] de lám. bl. y n. ;
Dimensiones 19 cm.
504 ## - NOTA DE BIBLIOGRAFÍA, ETC.
Nota de bibliografía, etc. Bibliografía: p. 239-241.
600 07 - PUNTO DE ACCESO ADICIONAL DE MATERIA--NOMBRE DE PERSONA
Nombre de persona Carlos
Numeración I,
Títulos y otros términos asociados al nombre Emperador de Austria
Fuente del encabezamiento o término
9 (RLIN) 144113
651 #4 - PUNTO DE ACCESO ADICIONAL DE MATERIA--NOMBRE GEOGRÁFICO
Nombre geográfico Austria-
Subdivisión general Historia-
Subdivisión cronológica 1867-1918.
9 (RLIN) 158080
852 ## - LOCALIZACIÓN
Ubicación ES-MaACL
Número de control de estantería F-13838
Holdings
Estatus retirado Estado de pérdida Estado de daño No para préstamo Biblioteca de origen Biblioteca actual Ubicación en estantería Fecha de adquisición Fuente de adquisición Total de préstamos Signatura topográfica completa Código de barras Visto por última vez Precio de reemplazo Tipo de ítem Koha
        Biblioteca del Ateneo de Madrid Biblioteca del Ateneo de Madrid Sala Pecera Planta 2 30/11/2010     F-13838 1184718 23/02/2023 23/02/2023 Libro impreso